Kigyō shinshutsu to chiiki shakai : Daiichi Seimei honsha itengo no Ōimachi no tenkai /

Saved in:
Bibliographic Details
Other Authors: Fukutake, Tadashi, 1917-1989., Hasumi, Otohiko, 1933-
Format: Book
Language:Japanese
Published: Tōkyō : Tōkyō Daigaku Shuppankai, 1979̣
Series:Komyuniti sōsho: ; 9.
Subjects:
Tags: Add Tag
No Tags, Be the first to tag this record!
LEADER 01686nam a2200385u 4500
001 007739986-2
005 20024617115958.0
008 900119s1979 ja a 000 0 jpn
010 |a 80801528 
035 0 |a ocm23313718 
040 |a DLC  |c MiU  |d TxU  |d *YNH*  |d CStRLIN 
041 0 |a jpneng 
050 4 |a HN 730  |b .O37 K45 
245 0 0 |6 880-01  |a Kigyō shinshutsu to chiiki shakai :  |b Daiichi Seimei honsha itengo no Ōimachi no tenkai /  |c Fukutake Tadashi, Hasumi Otohiko hen. 
260 |6 880-02  |a Tōkyō :  |b Tōkyō Daigaku Shuppankai,  |c 1979̣ 
300 |a xi, 553, 10 p., [4] leaves of plates :  |b ill. ;  |c 27 cm. 
490 1 |6 880-03  |a Komuniti- Sōsho ;  |v no.9 
500 |a Summary in English with caption title: Corporate entry and the community. 
610 2 0 |6 880-04  |a Daiichi Seimei Hoken Sōgo Kaisha. 
650 0 |a Industries  |x Social aspects  |z Japan  |z Ōi-machi (Kanagawa) 
651 0 |a Ōi-machi (Kanagawa-ken, Japan)  |x Economic conditions. 
651 0 |a Ōi-machi (Kanagawa-ken, Japan)  |x Social conditions. 
700 1 |6 880-05  |a Fukutake, Tadashi,  |d 1917-1989. 
700 1 |6 880-06  |a Hasumi, Otohiko,  |d 1933- 
740 0 |a Corporate entry and the community. 
880 0 0 |6 245-01  |a 企業進出と地域社会 :  |b 第一生命本社移転後の大井町の展開 /  |c 福武直, 蓮見音彥編. 
880 |6 260-02  |a 東京 :  |b 東京大学出版会,  |c 1979. 
880 1 |6 490-03  |a コミュニティ叢書 ;  |v n.9 
880 2 0 |6 610-04  |a 第一生命保倹総合会社. 
880 1 |6 700-05  |a 福武直,  |d 1917- 
880 1 |6 700-06  |a 蓮見音彥,  |d 1933- 
830 0 |6 880-07  |a Komyuniti sōsho: ;  |v 9. 
880 0 |6 830-07  |a コミュニティ叢書. 
988 |a 20021214 
906 |0 DLC